A somodii cseppkő-barlang

Bibliographic Details
Main Author: Falusi (Author)
Format: Article
Language:Hungarian
Slovak
Subjects:

MARC

LEADER 00000nab a2200000 a 4500
001 vtls000999201
003 SK-MaSNL
005 20260319074046.0
008 040720e18880000xo 0 hun
035 |a RVH1803 
040 |a RVGKPD  |b slo  |c RVGKPD  |e AACR2 
041 0 |a slo 
044 |a xo  |c SK 
080 |a 551.442  |2 1981 
100 0 |a Falusi  |4 aut  |9 1026524 
245 1 0 |a A somodii cseppkő-barlang 
650 0 7 |a jaskyne  |2 RVGKPD  |9 20772 
651 7 |a Drienovec (Slovensko)  |2 RVGKPD  |9 29641 
655 7 |a periodikum  |2 snkbucl  |9 29553 
773 0 8 |t Rozsnyói Hiradó  |g Roč. 11, č.49, 02.12.1888, s. 1, 2 
852 |a ZVYKNI  |b KIS3GCP 
999 |c 1686821  |d 1688751